E.R. - Name the episode #14 - Statistics

General Stats
  • This quiz has been taken 2 times
  • The average score is 7 of 22
Answer Stats
Hint Answer % Correct
Sent Carter to rehab May Day
100%
Lost his mother Motherhood
100%
Helped Carter get a new liver Old Times
100%
Welcomed Carter, his new student Pilot / 24 Hours
100%
Learned Carla's death The Longer You Stay
100%
Left County to spend more time with his son I'll Be Home For Christmas
50%
Came back to support Elizabeth It's All in Your Head
50%
Went volunteering in a Mississippi clinic Middle of Nowhere
50%
Had a birthday celebration in the ER The Birthday Party
50%
Learned Jeannie have HIV Dr Carter, I Presume
0%
Was in charge of the ER for a day Flight of Fancy
0%
Broke up with Elizabeth Good Luck Ruth Johnson
0%
Became a father Make a Wish
0%
Dressed as Shaft for Halloween Masquerade
0%
Had to deal with his dead nephew's girlfiend Rock, Paper, Scissors
0%
Went against Dr Morgenstern Shades of Grey
0%
Started dating Elizabeth Sharp Relief
0%
Learned his son was deaf Split Second
0%
Went against Dr Vucelich The Right Thing
0%
Lost his nephew The Visit
0%
Started dating Cleo Under Control
0%
Broke his finger in the parking lot What Life?
0%
No matching quizzes found
Score Distribution
Percent of People with Each Score
Percentile by Number Answered
Your Score History
You have not taken this quiz